SCH - Deo Favente - Statistiques

Statistiques générales
  • Ce quiz a été pris 26 fois
  • Le résultat moyen est 11 sur 16
Statistiques - réponses
Numero Titre % Correct
13 La nuit
91%
1 Comme si
86%
2 Nino Brown
82%
5 MAC 11
77%
11 6.45i
73%
4 Day Date
73%
14 Ca va
68%
15 Météore
68%
10 Poupée russe
68%
8 J'attends
64%
7 Pas la paix
64%
16 Temps mort
59%
6 Les années de plomb
55%
12 Slow Mo
55%
3 Allez leur dire
50%
9 Ma kush
50%
Aucun quiz correspondant
Distribution des résultats
% des personnes avec chaque résultat
Percentile par nombre de réponses
Votre historique - résultats
Vous n’avez pas pris ce quiz